Pays en Cercles - Europe - Carte Quiz - Statistiques

Statistiques générales
  • Ce quiz a été pris 1 506 fois
  • Le résultat moyen est 17 sur 45
Réponses sur la Carte
Les réponses sont colorées sur une échelle allant du rouge au vert en fonction du pourcentage des utilisateurs qui les ont devinées à leur premier essai. Vous pouvez retrouver ces pourcentages ci-dessous.
 
Statistiques - réponses
Réponse % Correct
Espagne
84%
Portugal
83%
France
71%
Andorre
55%
Monaco
52%
Italie
49%
Allemagne
47%
Belgique
47%
Luxembourg
47%
Suisse
45%
Saint-Marin
44%
Danemark
43%
Irlande
43%
Vatican
43%
Malte
41%
Royaume-Uni
40%
Autriche
38%
Liechtenstein
38%
Pologne
38%
Islande
37%
Pays-Bas
36%
Russie
36%
Slovénie
34%
République tchèque
33%
Croatie
32%
Finlande
32%
Grèce
31%
Estonie
30%
Lettonie
30%
Lituanie
30%
Norvège
30%
Roumanie
30%
Suède
30%
Ukraine
30%
Biélorussie
29%
Hongrie
29%
Moldavie
29%
Bulgarie
28%
Bosnie-Herzégovine
27%
Serbie
27%
Slovaquie
26%
Albanie
24%
Kosovo
24%
Macédoine du Nord
24%
Monténégro
20%
Aucun quiz correspondant
Distribution des résultats
% des personnes avec chaque résultat
Percentile par nombre de réponses
Votre historique - résultats
Vous n’avez pas pris ce quiz